000 01522nam0a22003011 4500
001 rc\4384442
005 20260407165711.0
021 _aRU
_b[58-34766]
035 _a(NLR Aleph) 008549899
090 _a8399825
_c8399825
100 _a20130416d1958 |||y0rusy50 ca
101 0 _arus
102 _aRU
105 _ay j |||||
200 1 _aМатериал к лекции на тему "Постановление февральского (1958 года) Пленума ЦК КПСС - новый этап в развитии социалистического сельского хозяйства
_fВсесоюз. о-во по распространению полит. и науч. знаний
210 _aМосква
_cБ. и.
_d1958
215 _a34 с.
_d22
333 _aНа правах рукописи
606 _aКолхозы
_jМатериалы для докладов, лекций и т. п.
_2psbo
606 _aСельское хозяйство СССР
_jМатериалы для докладов, лекций и т. п.
_2psbo
606 _aМашинно-тракторные станции
_xРеорганизация
_jМатериалы для докладов, лекций и т. п.
_2psbo
700 1 _aВоропаев
_bВ.И.
_gВасилий Иванович
712 0 2 _aКПСС
_bЦК
_bПленум
_f1958, февраль
_9710976
_3RU\NLR\AUTH\8810105367
801 0 _aRU
_bNLR
_gpsbo
801 1 _aRU
_bELAR
_2rusmarc
852 _aNLR
_j58-6/5350
942 _cBOOK
980 _aNB